000 01025cab a2200289 4500
001 WB2914-23
008 090401t1993 xxu||||| |||| 00| 0 eng d
035 _a(Sirsi) u90867
041 _aeng
245 _aDeductions from rent
260 _c1993
350 _a0
490 _aEstates Gazette
_v(9313) 3 April 1993, 116(1)
520 _aDiscusses when tenants can make deductions from rent and looks at "Famous Army Stores v Meehan", which examined the implications of a covenant to pay rent `without any deductions`.
650 _aBRITISH ANZANI (FELIXSTOWE) LTD V INTERNATIONAL MARINE MANAGEMENT
650 _aBUSINESS TENANCIES
650 _aGILBERT-ASH (NORTHERN) LTD V MODERN ENGINEERING (BRISTOL) LTD
650 _aLEE-PARKER V IZZET
650 _aPAYMENT OF RENT
650 _aRENT
650 _aSET-OFF
650 _aTENBRY INVESTMENTS LTD V PEUGEOT TALBOT MOTOR CO LTD
650 _aWITHOUT DEDUCTION
690 _aLANDLORD AND TENANT-BUSINESS TENANCIES
942 _n0
948 _c04/03/1997
999 _c57642
_d57642